000 01169nam a2200349 a 4500
001 vtls001679025
003 NLI
005 20210628151214.0
008 130306s2012 ii g 000 0 eng d
020 _a9788189728564
_cRs.450.00
039 9 _a201307121552
_bkrishanuc
_c201307121550
_dkrishanuc
_c201303061937
_djoykd
_y201303061935
_zsyamalkb
040 _aNLI
_beng
041 0 _aeng
044 _aii
082 0 4 _a361.3
_222
245 0 0 _aSocial work (an introduction) /
_ccompiled by S. Chowdhary
260 _aDelhi :
_bExcellent Books,
_c2012
300 _axii, 6-281p. ;
_c22cm.
500 _aStudy material with multiple choice questions
650 0 _aSocial service
_9678483
650 0 _aSocial work
_9727471
700 _aChowdhary, S.,
_4com
_91110763
887 _asyamal Kanti Biswas krishanu
901 _aDB131517 :
_b15.05.2011
902 _aE 361.3 So 13
904 _asyamal Kanti Biswas
905 _akrishanu
949 _AVIRTUAITEM
_D10000
_X100
_6DBA000131517ENG
942 _2ddc
_cBKS
999 _aVIRTUA
_c1127204
_d1127204
999 _aVTLSSORT0080*0200*0400*0410*0440*0820*2450*2600*3000*5000*6500*6501*7000*8520*9010*9020*9040*9050*9992